| Поле | Инд. | ПП | Название | Значение |
|---|---|---|---|---|
| Тип записи | a | |||
| Библиографический уровень | m | |||
| 001 | _ | Контрольный номер | RU/URAIT/476440 | |
| 005 | _ | Дата корректировки | 20250915104109.2 | |
| 008 | Кодируемые данные | 191125s2021 RU y f j 000 0 rus u | ||
| 020 | a | ISBN | 978-5-534-12444-6 | |
| c | Цена, тираж | 339.00 | ||
| 040 | a | Служба первич. каталог. | ИКО Юрайт | |
| c | Служба, преобразующая запись | ИКО Юрайт | ||
| e | Правила каталог. | RCR | ||
| 041 | a | Код языка текста | rus | |
| 044 | a | Код страны публикации | RU | |
| 080 | a | Индекс УДК | 159.98(075.8) | |
| 084 | 2 | Источник индекса | rubbk | |
| a | Индекс другой классификации/Индекс ББК | 88.8я73 | ||
| 100 | 1_ | a | Автор | Бобченко Татьяна Григорьевна |
| q | Полное имя | Татьяна Григорьевна | ||
| 245 | a | Заглавие | Психологические тренинги: основы тренинговой работы | |
| b | Продолж. заглавия | Учебное пособие для вузов | ||
| c | Ответственность | Бобченко Т. Г. | ||
| 250 | g | испр. и доп | ||
| a | Основные сведения об издании | 2-е изд. | ||
| 256 | a | Характеристики компьютерного файла | Электрон. дан. | |
| 260 | a | Место издания | Москва | |
| b | Издательство | Юрайт | ||
| c | Дата издания | 2021 | ||
| 300 | a | Объем | 132 с | |
| 440 | a | Серия | Высшее образование | |
| 500 | a | Примечание | URL: https://urait.ru/bcode/476440 (дата обращения: 23.11.2021). | |
| 520 | a | Аннотация | Содержание учебного пособия включает теоретические положения, необходимые для овладения студентами практическими умениями в области организации психологического тренинга: сущность психологического тренинга, личность и деятельность ведущего психологический тренинг, особенности и виды тренинговых групп, динамика отношений участников группы, принципы, методы психологического тренинга, этапы подготовки программы тренинга и проведения тренингового занятия, способы оценки эффективности психологического тренинга, организация психологических тренингов с детьми и подростками, их родителями. Соответствует актуальным требованиям Федерального государственного образовательного стандарта высшего образования. Адресовано студентам, получающим высшее образование по направлению 44.03.02 Психолого-педагогическое образование (бакалавриат) и специальности 44.05.01 Педагогика и психология девиантного поведения (специалитет). | |
| 538 | a | Прим. о системных особенностях | Режим доступа: Электронно-библиотечная система Юрайт, для авториз. пользователей | |
| 653 | a | Ключевые слова | Психология | |
| 653 | a | Ключевые слова | Педагогика, психология, социальная работа | |
| 653 | a | Ключевые слова | Психологические тренинги | |
| 856 | 40 | u | URL | https://urait.ru/bcode/476440 |
| x | Примечание для ЭОР | https://urait.ru/book/cover/FBC24E75-63D2-462D-AE8F-00C56913CFC5 | ||
| z | Примечание для пользователя | Участвует в КО | ||
| 856 | 41 | u | URL | https://urait.ru/book/cover/FBC24E75-63D2-462D-AE8F-00C56913CFC5 |